[Event "TCh-CHN 2016"]
[Site "China CHN"]
[Date "2016.07.25"]
[Round "10.5"]
[Board "2"]
[White "Zvjaginsev, Vadim"]
[Black "Lu, Shanglei"]
[Result "1/2-1/2"]
[WhiteTitle "GM"]
[BlackTitle "GM"]
[WhiteElo "2677"]
[BlackElo "2619"]
[WhiteTeam "Chongqing"]
[BlackTeam "Zhejiang"]
[WhiteFideId "4113403"]
[BlackFideId "8603332"]
[EventDate "2016.04.12"]

1. e4 c5 2. Nf3 d6 3. d4 cxd4 4. Qxd4 Nc6 5. Qe3 g6 6. Be2 Bh6 7. Qc3 Qa5 8.
Qxa5 Nxa5 9. Bxh6 Nxh6 10. Nc3 Bg4 11. O-O-O Rc8 12. h3 Bxf3 13. Bxf3 Nc6 14.
Be2 Ng8 15. f4 Nf6 16. Rhe1 Nd7 17. b3 Nc5 18. Kb2 O-O 19. a3 Rfd8 20. Bg4 Rb8
21. b4 Ne6 22. Nd5 h5 23. Be2 h4 24. f5 Ng5 25. fxg6 fxg6 26. Bb5 Re8 27. e5 Kf7
28. exd6 exd6 29. Rxe8 Rxe8 30. Rf1+ Kg7 31. Rf4 Re5 32. Nc3 d5 33. Bd3 Ne6 34.
Rxh4 Rg5 35. Rg4 Rxg4 36. hxg4 Nc7 37. Nb5 Ne8 38. g5 a6 39. Nc3 Nc7 40. b5 axb5
41. Nxb5 Ne6 42. Nd6 Ncd8 43. Kc3 Nxg5 44. Kd4 Nge6+ 45. Kxd5 Nf4+ 46. Kc5 Nxg2
47. Be4 Ne3 48. Nxb7 Ne6+ 49. Kb4 g5 50. Nc5 Nc7 51. c4 g4 52. Nd3 Kf6 53. a4 g3
54. Ne1 Ke5 55. Bb7 Kd4 56. Nf3+ Kd3 57. c5 Ned5+ 58. Kb3 1/2-1/2

[Event "TCh-CHN 2016"]
[Site "China CHN"]
[Date "2016.07.25"]
[Round "10.5"]
[Board "5"]
[White "Ding, Yixin"]
[Black "Lei, Tingjie"]
[Result "1/2-1/2"]
[WhiteTitle "WGM"]
[BlackTitle "WGM"]
[WhiteElo "2426"]
[BlackElo "2504"]
[WhiteTeam "Zhejiang"]
[BlackTeam "Chongqing"]
[WhiteFideId "8602972"]
[BlackFideId "8605114"]
[EventDate "2016.04.12"]

1. e4 e6 2. d4 d5 3. Nc3 Nf6 4. Bg5 dxe4 5. Nxe4 Be7 6. Bxf6 gxf6 7. Qd2 a6 8.
g3 Bd7 9. d5 exd5 10. Qxd5 Bc6 11. Qxd8+ Bxd8 12. f3 f5 13. Nc5 Bg5 14. Kf2 O-O
15. Nh3 Bf6 16. c3 Rd8 17. Be2 Nd7 18. Nxd7 Rxd7 19. Rhd1 Rad8 20. Rxd7 Rxd7 21.
Rd1 Rxd1 22. Bxd1 b5 23. a3 a5 24. Ke3 b4 25. axb4 axb4 26. cxb4 Bxb2 27. Be2
Kg7 28. b5 Bb7 29. Nf4 Bc1+ 30. Kd4 Bxf4 31. gxf4 Kf6 32. Kc5 Ke7 33. Bd1 1/2-1/2

[Event "TCh-CHN 2016"]
[Site "China CHN"]
[Date "2016.07.25"]
[Round "10.6"]
[Board "1"]
[White "Zhou, Jianchao"]
[Black "Zhang, Zhong"]
[Result "1/2-1/2"]
[WhiteTitle "GM"]
[BlackTitle "GM"]
[WhiteElo "2612"]
[BlackElo "2634"]
[WhiteTeam "Shanghai"]
[BlackTeam "Beijing"]
[WhiteFideId "8603537"]
[BlackFideId "8600694"]
[EventDate "2016.04.12"]

1. d4 Nf6 2. c4 e6 3. Nf3 d5 4. Nc3 Bb4 5. cxd5 exd5 6. Bg5 h6 7. Bh4 O-O 8. e3
Bf5 9. Rc1 Nbd7 10. a3 Bxc3+ 11. Rxc3 g5 12. Bg3 Ne4 13. Rc1 c5 14. dxc5 Qa5+
15. Nd2 d4 16. b4 Qxa3 17. Nxe4 Bxe4 18. Rc4 Bd5 19. Rxd4 Qc3+ 20. Qd2 Qa1+ 21.
Qd1 Qc3+ 22. Qd2 Qa1+ 23. Qd1 1/2-1/2

[Event "TCh-CHN 2016"]
[Site "China CHN"]
[Date "2016.07.25"]
[Round "10.6"]
[Board "2"]
[White "Ni, Hua"]
[Black "Wang, Yiye"]
[Result "1/2-1/2"]
[WhiteTitle "GM"]
[BlackTitle "IM"]
[WhiteElo "2681"]
[BlackElo "2442"]
[WhiteTeam "Shanghai"]
[BlackTeam "Beijing"]
[WhiteFideId "8601160"]
[BlackFideId "8606021"]
[EventDate "2016.04.12"]

1. d4 Nf6 2. c4 e6 3. g3 d5 4. Nf3 Bb4+ 5. Nbd2 dxc4 6. Bg2 O-O 7. Qc2 b5 8. a4
bxa4 9. O-O Bb7 10. Nxc4 Nbd7 11. Nce5 Be4 12. Qxa4 a5 13. Nc6 Qe8 14. Nfe5 Nxe5
15. Nxe5 Bxg2 16. Kxg2 c5 17. dxc5 Bxc5 18. Bg5 Nd5 19. Nd3 Bb6 20. Rfc1 Qxa4
21. Rxa4 Rfc8 22. e4 Rxc1 23. Bxc1 Ne7 24. Ne5 Bc7 25. Nc4 Nc6 26. Bd2 Rb8 27.
Bc3 f6 28. f4 Rb5 29. Kf3 Kf8 30. Na3 Rc5 31. Ke3 Ke8 32. Kd3 Rh5 33. h4 g5 34.
Nb5 Bb8 35. hxg5 fxg5 36. e5 Rh3 37. Kc4 Rxg3 38. Kc5 Kd7 39. Ra1 Rd3 40. Rh1
Rd5+ 41. Kb6 gxf4 42. Rxh7+ Ne7 43. Be1 Bxe5 44. Bh4 Bd6 45. Nxd6 Kxd6 46. Bxe7+
Ke5 47. Bc5 Ke4 48. Kb5 Rd2 49. Ba3 f3 50. Rf7 f2 51. Bc5 Rxb2+ 52. Kxa5 Kd3 53.
Bxf2 e5 54. Rd7+ Kc4 55. Rc7+ Kd3 56. Rd7+ Kc4 57. Be3 Rb3 58. Rc7+ Kd3 59. Ka4
Rb1 60. Bf2 e4 61. Rd7+ Ke2 62. Bc5 Rb8 63. Re7 Kd3 64. Ka3 Rb5 65. Rd7+ Kc3 66.
Bd4+ Kc2 67. Ka4 Rb8 68. Be3 Kc3 69. Bf4 Rb1 70. Be5+ Kc2 71. Rc7+ Kd2 72. Bf4+
Kd3 73. Rd7+ Kc3 74. Re7 Kd3 75. Re8 Rf1 76. Bh6 Rh1 77. Rd8+ Ke2 78. Bg5 Rg1
79. Bf6 e3 80. Kb3 Kf3 81. Rf8 Ke4 82. Bc3 e2 83. Kc2 Rd1 84. Bd2 Rh1 85. Re8+
Kf3 86. Kd3 Rh2 87. Rf8+ Kg4 88. Be1 Rh7 89. Kxe2 Re7+ 90. Kd1 Re5 91. Bc3 Rf5
92. Rd8 Kf3 93. Kd2 Ke4 94. Rd4+ Ke5 95. Ke3 Ke6 96. Ra4 Kd5 97. Bd4 Rf1 98.
Ra5+ Kd6 99. Ke4 Re1+ 100. Be3 Rh1 101. Ra6+ Kd7 102. Bd4 Rf1 103. Kd5 Rf5+ 104.
Be5 Rf7 105. Bf6 Kc8 106. Ke6 Rh7 107. Ra1 Kb7 108. Kd6 Rh6 109. Rb1+ Ka6 110.
Ke6 Ka5 111. Ke7 Ka4 112. Be5 Rh3 113. Kd6 Rb3 114. Rc1 Kb4 115. Kd5 Kb5 116.
Bc3 Kb6 117. Bd4+ Kb5 118. Rc8 Kb4 119. Rc7 Kb5 120. Bc3 Kb6 121. Rc6+ Kb5 122.
Rc5+ Kb6 123. Ba5+ Ka6 124. Kc4 Rh3 125. Bc3 Kb7 126. Kb5 Rh1 127. Ba5 Rb1+ 128.
Bb4 Rd1 129. Rc6 Rd5+ 130. Bc5 Rd1 131. Re6 Rb1+ 132. Bb4 Rc1 133. Re2 Kc7 134.
Re7+ Kd8 135. Rg7 Rb1 136. Kc5 Ke8 137. Rb7 Rf1 138. Kc6 Rf6+ 139. Bd6 Re6 140.
Rh7 1/2-1/2

[Event "TCh-CHN 2016"]
[Site "China CHN"]
[Date "2016.07.25"]
[Round "10.6"]
[Board "3"]
[White "Harikrishna, P."]
[Black "Yu, Yangyi"]
[Result "1/2-1/2"]
[WhiteTitle "GM"]
[BlackTitle "GM"]
[WhiteElo "2755"]
[BlackElo "2738"]
[WhiteTeam "Shanghai"]
[BlackTeam "Beijing"]
[WhiteFideId "5007003"]
[BlackFideId "8603820"]
[EventDate "2016.04.12"]

1. d4 Nf6 2. c4 e6 3. Nf3 d5 4. g3 Bb4+ 5. Bd2 Be7 6. Bg2 O-O 7. O-O c6 8. Qc2
Nbd7 9. Bf4 b6 10. Rd1 Bb7 11. Ne5 Nh5 12. Bd2 Nhf6 13. cxd5 cxd5 14. Nc6 Bxc6
15. Qxc6 Rc8 16. Qb5 Ne8 17. Qd3 Nd6 18. Nc3 Nf6 19. b3 Qd7 20. e3 Nf5 21. Ne2
Rfd8 22. f3 h5 23. Be1 g5 24. Bf2 g4 25. Nf4 Qc7 26. Nxh5 Nxh5 27. fxg4 Nhxg3
28. gxf5 Nxf5 29. e4 dxe4 30. Qxe4 Qc2 31. Qg4+ Kh7 32. Qh3+ Kg7 33. Qg4+ Kh7
34. Qh3+ 1/2-1/2

[Event "TCh-CHN 2016"]
[Site "China CHN"]
[Date "2016.07.25"]
[Round "10.6"]
[Board "4"]
[White "Zhao, Xue"]
[Black "Ju, Wenjun"]
[Result "1/2-1/2"]
[WhiteTitle "GM"]
[BlackTitle "GM"]
[WhiteElo "2504"]
[BlackElo "2568"]
[WhiteTeam "Beijing"]
[BlackTeam "Shanghai"]
[WhiteFideId "8601283"]
[BlackFideId "8603006"]
[EventDate "2016.04.12"]

1. d4 Nf6 2. c4 e6 3. Nf3 d5 4. Nc3 c5 5. cxd5 cxd4 6. Qxd4 exd5 7. Bg5 Be7 8.
e3 O-O 9. Bd3 h6 10. Bh4 Nc6 11. Qa4 Be6 12. O-O a6 13. Rac1 Qb6 14. Qc2 d4 15.
Nxd4 Nxd4 16. exd4 Qxd4 17. Bg3 Rac8 18. Bf5 Bxf5 19. Qxf5 Qc5 20. Qxc5 Bxc5 21.
Rfd1 Rfe8 22. Kf1 Bb4 23. f3 Bxc3 24. Rxc3 Rxc3 25. bxc3 Re3 26. Be1 Re6 27.
Rd8+ Kh7 28. Rd4 1/2-1/2

[Event "TCh-CHN 2016"]
[Site "China CHN"]
[Date "2016.07.25"]
[Round "10.6"]
[Board "5"]
[White "Wang, Jue"]
[Black "Zhang, Xiaowen"]
[Result "1-0"]
[WhiteTitle "WGM"]
[BlackTitle "WGM"]
[WhiteElo "2380"]
[BlackElo "2374"]
[WhiteTeam "Beijing"]
[BlackTeam "Shanghai"]
[WhiteFideId "8604070"]
[BlackFideId "8603219"]
[EventDate "2016.04.12"]

1. e4 e6 2. d4 d5 3. Nc3 Nf6 4. e5 Nfd7 5. f4 c5 6. Nf3 Nc6 7. Be3 cxd4 8. Nxd4
Qb6 9. Qd2 Qxb2 10. Rb1 Qa3 11. Bb5 Nxd4 12. Bxd4 a6 13. Bxd7+ Bxd7 14. Rb3 Qe7
15. Rxb7 Qh4+ 16. Qf2 Qxf2+ 17. Kxf2 Be7 18. Rhb1 Bc8 19. R7b3 O-O 20. Na4 a5
21. Nb6 Ra6 22. Rc3 Rxb6 23. Rxb6 f6 24. Rc7 fxe5 25. Bxe5 Bh4+ 26. g3 Bf6 27.
Bxf6 gxf6 28. Rbc6 1-0

[Event "TCh-CHN 2016"]
[Site "China CHN"]
[Date "2016.07.26"]
[Round "11.1"]
[Board "1"]
[White "Yu, Yangyi"]
[Black "Li, Shilong"]
[Result "1/2-1/2"]
[WhiteTitle "GM"]
[BlackTitle "GM"]
[WhiteElo "2738"]
[BlackElo "2514"]
[WhiteTeam "Beijing"]
[BlackTeam "Guangdong"]
[WhiteFideId "8603820"]
[BlackFideId "8600678"]
[EventDate "2016.04.12"]

1. e4 c5 2. Nf3 d6 3. d4 cxd4 4. Nxd4 Nf6 5. Nc3 a6 6. Be3 e6 7. Be2 Qc7 8. Qd2
b5 9. f3 Nbd7 10. a3 h5 11. Rd1 Bb7 12. O-O Rc8 13. Rfe1 Ne5 14. Bf1 Be7 15. Bg5
O-O 16. h3 Nc4 17. Bxc4 Qxc4 18. Kh1 Rfd8 19. Nce2 Qc7 20. Ng3 g6 21. Re3 Nh7
22. Bxe7 Qxe7 23. Rd3 h4 24. Nf1 Rd7 25. Ne3 Qg5 26. Ne2 Rcd8 27. Nc3 Kf8 28.
Qf2 Nf6 29. Ng4 Nxg4 30. hxg4 Ke7 31. R1d2 Bc8 32. Nd1 Bb7 33. Ne3 Qe5 34. c4 g5
35. b4 Bc6 36. Rd4 Qg3 37. Kg1 Qxf2+ 38. Kxf2 Ra8 39. cxb5 axb5 40. R4d3 Rdd8
41. Rc2 Bd7 42. Rcc3 Rdc8 43. Nc2 Rxc3 44. Rxc3 Kd8 45. Ke3 f6 46. Kd4 Ra7 47.
Ne3 Ke7 48. Kd3 Ra8 49. Nc2 Kd8 50. Nd4 Ra6 51. Kd2 Ra8 52. Kc1 Ra6 53. Kb2 Rb6
54. Kc1 Ra6 55. Kd2 Ra8 56. Ke2 1/2-1/2

[Event "TCh-CHN 2016"]
[Site "China CHN"]
[Date "2016.07.26"]
[Round "11.1"]
[Board "2"]
[White "Zhang, Zhong"]
[Black "Zeng, Chongsheng"]
[Result "1-0"]
[WhiteTitle "GM"]
[BlackTitle "GM"]
[WhiteElo "2634"]
[BlackElo "2549"]
[WhiteTeam "Beijing"]
[BlackTeam "Guangdong"]
[WhiteFideId "8600694"]
[BlackFideId "8603847"]
[EventDate "2016.04.12"]

1. d4 Nf6 2. c4 e6 3. Nf3 b6 4. a3 Bb7 5. Nc3 d5 6. cxd5 Nxd5 7. e3 Nd7 8. Bd3
g6 9. e4 Nxc3 10. bxc3 Bg7 11. O-O c5 12. Bf4 O-O 13. Qe2 Qe7 14. Bg5 Bf6 15. h4
e5 16. d5 Bxg5 17. hxg5 f6 18. Bb5 Rad8 19. Bxd7 Rxd7 20. gxf6 Qxf6 21. Qe3 Rg7
22. Qg5 Qxg5 23. Nxg5 Bc8 24. Nf3 Ba6 25. Rfe1 Re8 26. Rad1 Rd7 27. Re3 Kg7 28.
a4 Kf6 29. Rb1 Rb8 30. Nd2 Rf7 31. c4 Ke7 32. Reb3 Kd6 33. f3 h5 34. Kf2 g5 35.
Ke3 h4 36. a5 Rfb7 37. R3b2 Kc7 38. Rc1 b5 39. cxb5 Rxb5 40. Rbc2 Rxa5 41. Rxc5+
Rxc5 42. Rxc5+ Kd7 43. Ra5 Rb6 44. Kf2 Kc7 45. Nb3 Bb7 46. Nc5 Rb2+ 47. Kg1 Kb6
48. Nxb7 Kxb7 49. d6 g4 50. fxg4 Kc6 51. Rd5 Kd7 52. Kh2 Re2 53. Kh3 Rxe4 54. g5
Rd4 55. Rxe5 Kxd6 56. Re8 Kd7 57. Re5 Kd6 58. Re3 Kd7 59. g4 hxg3 60. g6 Rd5 61.
Kh4 g2 62. Rg3 Rd1 63. Rxg2 Ke7 64. Rf2 Rg1 65. Kh5 a5 66. Kh6 a4 67. Rf7+ Kd6
68. Ra7 Rh1+ 69. Kg7 Rh4 70. Kf6 Rf4+ 71. Kg5 Rf3 72. Rxa4 Ke7 73. Kh6 Rh3+ 74.
Kg7 Re3 75. Rh4 Ke6 76. Kh7 Kf6 77. g7 Re7 78. Rf4+ Kg5 79. Rf1 1-0

[Event "TCh-CHN 2016"]
[Site "China CHN"]
[Date "2016.07.26"]
[Round "11.1"]
[Board "3"]
[White "Fang, Yan"]
[Black "Xu, Yinglun"]
[Result "1-0"]
[WhiteElo "2364"]
[BlackElo "2523"]
[WhiteTeam "Beijing"]
[BlackTeam "Guangdong"]
[WhiteFideId "8604746"]
[BlackFideId "8604940"]
[EventDate "2016.04.12"]

1. e4 c5 2. Nf3 d6 3. d4 cxd4 4. Nxd4 Nf6 5. Nc3 a6 6. Bc4 e6 7. Bb3 Nbd7 8. f4
Nc5 9. e5 Nfd7 10. exd6 Nf6 11. Be3 Bxd6 12. Qf3 O-O 13. O-O-O Qc7 14. Kb1 Nxb3
15. axb3 Rb8 16. Ndb5 axb5 17. Nxb5 Qa5 18. Nxd6 Ra8 19. c4 e5 20. Nxc8 Rfxc8
21. fxe5 Qxe5 22. Bd4 Qg5 23. Bxf6 Qg6+ 24. Rd3 gxf6 25. Qg3 Rc5 26. Qxg6+ hxg6
27. Rhd1 Rh5 28. Rd8+ Rxd8 29. Rxd8+ Kg7 30. h3 f5 31. c5 Rg5 32. Rd2 f4 33. b4
Kf6 34. Ka2 Rf5 35. h4 Rh5 36. Rd7 Rxh4 37. Rxb7 Rg4 38. c6 Rxg2 39. c7 Rc2 40.
Kb1 1-0

[Event "TCh-CHN 2016"]
[Site "China CHN"]
[Date "2016.07.26"]
[Round "11.1"]
[Board "4"]
[White "Li, Xueyi"]
[Black "Zhao, Xue"]
[Result "0-1"]
[BlackTitle "GM"]
[WhiteElo "2112"]
[BlackElo "2504"]
[WhiteTeam "Guangdong"]
[BlackTeam "Beijing"]
[WhiteFideId "8605912"]
[BlackFideId "8601283"]
[EventDate "2016.04.12"]

1. d4 Nf6 2. c4 Nc6 3. Nc3 e5 4. d5 Ne7 5. e4 Ng6 6. Be3 Bb4 7. Bd3 O-O 8. h4 d6
9. h5 Nf4 10. Bxf4 exf4 11. Qc2 Ng4 12. Nf3 Qf6 13. e5 Bxc3+ 14. bxc3 Qh6 15.
exd6 Re8+ 16. Kf1 cxd6 17. c5 dxc5 18. Bb5 Rd8 19. Re1 Nf6 20. Bc4 Bd7 21. a4
Re8 22. Qb3 Rxe1+ 23. Kxe1 Re8+ 24. Kf1 Nxh5 25. Kg1 Bg4 26. d6 Qf6 27. d7 Rd8
28. Qxb7 g6 29. Bb5 a6 30. Bc6 Qd6 31. Ng5 Bxd7 32. Bd5 Qb8 33. Bxf7+ Kg7 34.
Qf3 Qe5 35. Qd5 Qxd5 36. Bxd5 Nf6 37. Bc4 Bc8 38. f3 h6 39. Nf7 Rd2 40. Kh2 Nd5
41. Nd6 Ne3 42. Nxc8 Rxg2+ 43. Kh3 Rg3+ 44. Kh2 Nxc4 45. Rf1 Nd2 0-1

[Event "TCh-CHN 2016"]
[Site "China CHN"]
[Date "2016.07.26"]
[Round "11.1"]
[Board "5"]
[White "Liu, Manli"]
[Black "Wang, Jue"]
[Result "1/2-1/2"]
[BlackTitle "WGM"]
[WhiteElo "2015"]
[BlackElo "2380"]
[WhiteTeam "Guangdong"]
[BlackTeam "Beijing"]
[WhiteFideId "8608121"]
[BlackFideId "8604070"]
[EventDate "2016.04.12"]

1. e4 c5 2. Nf3 d6 3. d4 cxd4 4. Nxd4 Nf6 5. Nc3 a6 6. Be2 e5 7. Nb3 Be7 8. O-O
O-O 9. Be3 Be6 10. f4 exf4 11. Bxf4 Nc6 12. Kh1 Rc8 13. Qe1 Ne8 14. Nd5 Bg5 15.
c3 Bxf4 16. Nxf4 Nf6 17. Bf3 Bc4 18. Rf2 Re8 19. Rd2 Qe7 20. Qg3 Nxe4 21. Bxe4
Qxe4 22. Rxd6 Qe5 23. Rdd1 h6 24. Nd2 Bd5 25. Nxd5 Qxd5 26. Nf3 Qf5 27. Rf1 Re3
28. Rae1 Rce8 29. Rxe3 Rxe3 30. Re1 Rd3 31. h3 Kh7 32. Qf2 Qd5 33. Kg1 g6 34.
Qc2 Qc5+ 35. Qf2 Qd5 36. Qc2 Kg7 37. Qe2 Qc5+ 38. Qf2 Qf5 39. Qe2 b5 40. Qe4
Qc5+ 41. Kh1 Rd7 42. Qe2 Qd5 43. b3 Qc5 44. c4 Re7 45. Qb2+ Kh7 46. Rxe7 Qxe7
47. cxb5 axb5 48. a4 b4 49. Qc2 Na5 50. Qd3 Qc5 51. Nd2 Kg7 52. Kh2 Qe5+ 53. Kg1
Qc5+ 54. Kh2 h5 55. Ne4 Qe5+ 56. Kg1 Nxb3 57. Qxb3 Qxe4 58. Qb2+ Kg8 59. a5 Qe3+
60. Kh2 Qf4+ 61. Kg1 Qe3+ 62. Kh2 b3 63. a6 Qf4+ 64. Kg1 Qa4 65. Kh2 Qa2 66. Qe5
Qxa6 67. Qb8+ Kg7 68. Qxb3 Qd6+ 69. Kg1 g5 70. Qc3+ Kg6 71. Qc2+ Kh6 72. Qc3 Kh7
73. Qc2+ Qg6 74. Qc7 Kg7 75. Qc3+ Qf6 76. Qd3 Qe5 77. Qf3 Kg6 78. Qd3+ Kh6 79.
Qd8 Kg6 80. Qd3+ Qf5 81. Qd6+ Qf6 82. Qd3+ Kh6 83. Qd5 Qa1+ 84. Kh2 Qf1 85. Qd8
Qf4+ 86. Kg1 Kg7 87. Qd3 Qe5 88. Qf3 Qd4+ 89. Kh1 Kg6 90. Qc6+ Qf6 91. Qe4+ Kh6
92. Qd5 g4 93. Qd2+ Kg6 94. hxg4 hxg4 95. Qd3+ Qf5 96. Qe3 f6 97. Kg1 Qe5 98.
Qd3+ Kg5 99. g3 Qc5+ 100. Kg2 Qc6+ 101. Kf2 Qe6 102. Kg2 Qe5 103. Qc4 Qb2+ 104.
Kg1 Qb1+ 105. Kg2 Qb7+ 106. Kg1 Qb6+ 107. Kg2 Qd6 108. Qg8+ Kf5 109. Qc8+ Qe6
110. Qc5+ Kg6 111. Qc2+ Qf5 112. Qc3 Qe4+ 113. Kf2 Kg5 114. Qd2+ Kh5 115. Qc3
Kg6 116. Qb3 Qd4+ 117. Kg2 Qd2+ 118. Kg1 Qe1+ 119. Kg2 Qe2+ 120. Kg1 Kf5 121.
Qd5+ Qe5 122. Qd7+ Qe6 123. Qd3+ Kg5 124. Qd2+ Kg6 125. Qd3+ f5 126. Qc3 Qe4
127. Qc7 Qe1+ 128. Kg2 Qe2+ 129. Kg1 Qe3+ 130. Kg2 Qf3+ 131. Kg1 Qd1+ 132. Kg2
Qd5+ 133. Kg1 Kf6 134. Qb6+ Ke5 135. Qe3+ Kd6 136. Qb6+ Ke5 137. Qe3+ Qe4 138.
Qc5+ Ke6 139. Qc8+ Kd5 140. Qb7+ Kd4 141. Qb4+ Kd3 142. Qb1+ Kd2 143. Qb2+ Qc2
144. Qd4+ Qd3 145. Qb2+ Ke1 146. Qc1+ Ke2 147. Qb2+ Kd1 148. Qa1+ Kd2 149. Qb2+
Qc2 150. Qb4+ Ke2 151. Qf4 Qe4 152. Qf1+ Kd2 153. Qf2+ Kd3 154. Qf1+ Kd4 155.
Qa1+ Kd3 156. Qd1+ Kc3 157. Qa1+ Kd2 158. Qa5+ Kd1 159. Qa1+ Ke2 160. Qb2+ Ke3
161. Qc1+ Kd3 162. Qa3+ Kc2 163. Qa2+ Kd1 164. Qa1+ Kd2 165. Qa5+ Kc1 166. Qa3+
Kc2 167. Qa2+ Kc3 168. Qa3+ Kd4 169. Qb4+ Kd3 170. Qb3+ Kd2 171. Qb2+ Qc2 172.
Qd4+ Ke1 173. Qe3+ Kd1 174. Qd4+ Qd2 175. Qa1+ Qc1 176. Qa4+ Ke2+ 177. Kh2 Qh6+ 1/2-1/2

[Event "TCh-CHN 2016"]
[Site "China CHN"]
[Date "2016.07.26"]
[Round "11.2"]
[Board "1"]
[White "Xu, Minghui"]
[Black "Harikrishna, P."]
[Result "1/2-1/2"]
[BlackTitle "GM"]
[WhiteElo "2305"]
[BlackElo "2755"]
[WhiteTeam "Zhejiang"]
[BlackTeam "Shanghai"]
[WhiteFideId "8606790"]
[BlackFideId "5007003"]
[EventDate "2016.04.12"]

1. Nf3 e6 2. c4 b6 3. g3 Bb7 4. Bg2 c5 5. O-O Nf6 6. Nc3 Be7 7. Re1 d6 8. e4 e5
9. d3 O-O 10. a3 Nc6 11. Rb1 Bc8 12. b4 Bd7 13. Nd5 Bg4 14. Qa4 Bd7 15. Qb3 Rc8
16. h3 Ne8 17. Bd2 Nc7 18. b5 Nb8 19. Ne3 g6 20. Bc3 Be6 21. Nd2 Bg5 22. Rf1
Bxe3 23. fxe3 Qg5 24. Rf3 Nd7 25. Rbf1 a6 26. a4 axb5 27. axb5 Ra8 28. Nb1 Ra7
29. Bb2 f5 30. Nc3 Nf6 31. Bc1 Nd7 1/2-1/2

[Event "TCh-CHN 2016"]
[Site "China CHN"]
[Date "2016.07.26"]
[Round "11.2"]
[Board "2"]
[White "Xiong, Jeffery"]
[Black "Zhou, Jianchao"]
[Result "0-1"]
[WhiteTitle "GM"]
[BlackTitle "GM"]
[WhiteElo "2641"]
[BlackElo "2612"]
[WhiteTeam "Zhejiang"]
[BlackTeam "Shanghai"]
[WhiteFideId "2047640"]
[BlackFideId "8603537"]
[EventDate "2016.04.12"]

1. e4 e5 2. Nf3 Nc6 3. d4 exd4 4. Nxd4 Bc5 5. Nb3 Bb6 6. Nc3 Nf6 7. Qe2 a5 8.
Na4 O-O 9. Bg5 h6 10. Bxf6 Qxf6 11. c4 Re8 12. f3 Nd4 13. Qd3 Nxb3 14. axb3 Bd4
15. Nc3 c5 16. Be2 d6 17. Nb5 Bxb2 18. Rd1 Rd8 19. O-O Bd7 20. Nc7 Bd4+ 21. Kh1
Ra7 22. Nd5 Qe6 23. Ne3 Bc6 24. Nf5 Bf6 25. Rd2 a4 26. bxa4 Rxa4 27. Rfd1 Bg5
28. Qc3 Bf6 29. Qe3 Ra1 30. Rxa1 Bxa1 31. g4 g5 32. h4 Qf6 33. Kg2 Be5 34. hxg5
hxg5 35. Rd1 Bd7 36. Ng3 Qf4 37. Qxf4 Bxf4 38. Nf5 Bxf5 39. exf5 Kg7 40. Rb1 Rd7
41. Rb6 Kf6 42. Bd3 Ke5 43. Be4 Kd4 44. Bd5 f6 45. Kf2 Rh7 46. Ke2 Rh2+ 47. Kf1
Rc2 48. Rxb7 Rxc4 49. Bxc4 Kxc4 50. Ke2 Kd4 51. Re7 c4 52. Re6 Be5 53. Re8 Kc3
54. Re6 Kd4 55. Kd2 c3+ 56. Ke2 Kc4 57. Re8 Bd4 58. Re6 Kb3 59. Rxd6 c2 60. Rxd4
c1=Q 61. Re4 Qc2+ 62. Kf1 Kc3 63. Re6 Kd3 64. Kg1 Kd4 65. Re7 Qc5 66. Re6 Qc1+
67. Kg2 Qc2+ 68. Kg1 Kd3 69. Re4 Qc6 70. Re1 0-1

[Event "TCh-CHN 2016"]
[Site "China CHN"]
[Date "2016.07.26"]
[Round "11.2"]
[Board "3"]
[White "Lu, Shanglei"]
[Black "Ni, Hua"]
[Result "1/2-1/2"]
[WhiteTitle "GM"]
[BlackTitle "GM"]
[WhiteElo "2619"]
[BlackElo "2681"]
[WhiteTeam "Zhejiang"]
[BlackTeam "Shanghai"]
[WhiteFideId "8603332"]
[BlackFideId "8601160"]
[EventDate "2016.04.12"]

1. Nc3 Nf6 2. e4 e5 3. g3 d5 4. exd5 Nxd5 5. Bg2 Nf6 6. Nf3 Nc6 7. O-O Bc5 8. h3
O-O 9. d3 h6 10. Re1 Re8 11. Be3 Nd4 12. Bxd4 exd4 13. Rxe8+ Qxe8 14. Ne2 Qd8
15. Qd2 Qd6 16. Re1 Bd7 17. Nf4 c6 18. Ne5 Re8 19. Nxd7 Qxd7 20. Rxe8+ Qxe8 21.
Qe2 Qxe2 22. Nxe2 Kf8 23. g4 Ke7 24. f4 a5 25. Kf2 a4 26. Ng3 g6 27. Ne4 Nxe4+
28. Bxe4 a3 29. bxa3 Bxa3 30. Kf3 g5 31. fxg5 hxg5 32. Bf5 1/2-1/2

[Event "TCh-CHN 2016"]
[Site "China CHN"]
[Date "2016.07.26"]
[Round "11.2"]
[Board "4"]
[White "Zhang, Xiaowen"]
[Black "Ding, Yixin"]
[Result "1/2-1/2"]
[WhiteTitle "WGM"]
[BlackTitle "WGM"]
[WhiteElo "2374"]
[BlackElo "2426"]
[WhiteTeam "Shanghai"]
[BlackTeam "Zhejiang"]
[WhiteFideId "8603219"]
[BlackFideId "8602972"]
[EventDate "2016.04.12"]

1. e4 c5 2. Nf3 d6 3. d4 cxd4 4. Qxd4 Nc6 5. Bb5 Bd7 6. Qd3 g6 7. c4 Bg7 8. Nc3
Nf6 9. O-O O-O 10. h3 a6 11. Bxc6 Bxc6 12. Nd4 Nd7 13. Be3 Rc8 14. Rac1 Nc5 15.
Qc2 Ne6 16. Qd2 Nxd4 17. Bxd4 Bxd4 18. Qxd4 Qa5 19. a3 Qc5 20. Qxc5 dxc5 21. Nd5
Bxd5 22. exd5 e6 23. dxe6 fxe6 24. Rfe1 Rc6 25. Rc3 Rd6 26. Rce3 Rd2 27. R1e2
Rxe2 28. Rxe2 Kf7 29. Re5 b6 30. Kf1 Rd8 31. Ke2 1/2-1/2

[Event "TCh-CHN 2016"]
[Site "China CHN"]
[Date "2016.07.26"]
[Round "11.3"]
[Board "1"]
[White "Xu, Xiangyu"]
[Black "Wang, Chen"]
[Result "1/2-1/2"]
[BlackTitle "IM"]
[WhiteElo "2447"]
[BlackElo "2514"]
[WhiteTeam "Chengdu"]
[BlackTeam "Chongqing"]
[WhiteFideId "8608288"]
[BlackFideId "8601020"]
[EventDate "2016.04.12"]

1. d4 Nf6 2. c4 e6 3. g3 Bb4+ 4. Nd2 O-O 5. Bg2 d6 6. Nf3 Qe7 7. O-O Bxd2 8.
Qxd2 Nbd7 9. b3 Re8 10. Ba3 e5 11. dxe5 Nxe5 12. Nxe5 Qxe5 13. Bb2 Ne4 14. Qc2
Qf5 15. Qd3 a5 16. Qd4 f6 17. f3 Nc5 18. e4 Qh5 19. Bc3 Bd7 20. Rae1 b6 21. f4
Bc6 22. e5 Bxg2 23. Kxg2 dxe5 24. Qd5+ Qf7 25. Qxf7+ Kxf7 26. fxe5 Rad8 27. exf6
Rxe1 28. Rxe1 gxf6 29. Kf3 Ne6 30. Ke3 Nc5 31. Kf3 1/2-1/2

[Event "TCh-CHN 2016"]
[Site "China CHN"]
[Date "2016.07.26"]
[Round "11.3"]
[Board "2"]
[White "Zhao, Yuanhe"]
[Black "Zvjaginsev, Vadim"]
[Result "0-1"]
[BlackTitle "GM"]
[WhiteElo "2313"]
[BlackElo "2677"]
[WhiteTeam "Chengdu"]
[BlackTeam "Chongqing"]
[WhiteFideId "8609497"]
[BlackFideId "4113403"]
[EventDate "2016.04.12"]

1. d4 d6 2. Nf3 Nf6 3. c4 g6 4. Nc3 Bf5 5. g3 Ne4 6. Nxe4 Bxe4 7. Bg2 Bg7 8. h4
d5 9. Bf4 dxc4 10. Qa4+ Nc6 11. Qxc4 Qd5 12. Rc1 Nxd4 13. Bxc7 O-O 14. Qxd5 Bxd5
15. b3 Rac8 16. Kd2 Nb5 17. Ba5 b6 18. Bb4 Rcd8 19. Ke1 Bb2 20. Rc2 Bf6 21. h5
Rc8 22. Rxc8 Rxc8 23. Kd1 Rd8 24. Kc1 Nd4 25. Re1 Rc8+ 26. Kd2 Nxf3+ 0-1

[Event "TCh-CHN 2016"]
[Site "China CHN"]
[Date "2016.07.26"]
[Round "11.3"]
[Board "3"]
[White "Li, Di"]
[Black "Zhou, Weiqi"]
[Result "1/2-1/2"]
[WhiteTitle "FM"]
[BlackTitle "GM"]
[WhiteElo "2420"]
[BlackElo "2635"]
[WhiteTeam "Chengdu"]
[BlackTeam "Chongqing"]
[WhiteFideId "8607508"]
[BlackFideId "8601674"]
[EventDate "2016.04.12"]

1. d4 d5 2. c4 e6 3. Nc3 Nf6 4. Nf3 c5 5. cxd5 Nxd5 6. e4 Nxc3 7. bxc3 cxd4 8.
cxd4 Bb4+ 9. Bd2 Bxd2+ 10. Qxd2 O-O 11. Bc4 Nd7 12. O-O b6 13. Rfe1 Bb7 14. Rad1
Rc8 15. Bd3 h6 16. Qf4 Rc3 17. d5 exd5 18. exd5 Qf6 19. Qe4 g6 20. Qe7 Rd8 21.
Bb5 Qxe7 22. Rxe7 Bc8 23. d6 a6 24. Bxd7 Bxd7 25. Ne5 Be6 26. d7 Kf8 27. Nxg6+
Kg7 28. Ne5 Kf8 29. Ng6+ Kg7 30. Ne5 Kf6 1/2-1/2